Top 10 Countries by Apple Production - Statistics

General Stats
  • This quiz has been taken 24 times
  • The average score is 7 of 10
Answer Stats
Boxes of Apples Country % Correct
47.6 M China
100%
4.4 M United States
100%
2.6 M India
96%
2.4 M Russia
88%
1.7 M France
83%
2.2 M Italy
75%
4.8 M Turkey
67%
4.3 M Poland
50%
2 M Iran
38%
1.5 M Chile
29%
No matching quizzes found
Score Distribution
Percent of People with Each Score
Percentile by Number Answered
Your Score History
You have not taken this quiz